| 000 | 01624nac a22003251ib4500 | ||
|---|---|---|---|
| 003 | EG-ScBUE | ||
| 005 | 20250320102010.0 | ||
| 008 | 250312s1994 ii af f 001 0 eng d | ||
| 020 | _a8170080797 | ||
| 020 | _a8170080800 | ||
| 040 |
_aEG-ScBUE _beng _erda _cEG-ScBUE _dEG-ScBUE |
||
| 082 | 0 | 4 |
_a526.9 _bPUN _222 |
| 100 | 1 |
_aPunmia, B. C., _eauthor. |
|
| 245 | 1 | 0 |
_aSurveying. _nvolume 1, _pa text-book on surveying and levelling for degree, diploma and A.M.I.E. students / _cby Dr. B. C. Punmia, B.E. (Homs.), M.E. (Hons.), Ph.D., formerly, professor and head, department of civil engineering & dean, faculty of engineering, J.N.V. university, Jodhpur, Ashok Kumar Jain, consulting engineering, Arihant consultants, Bombai, Arun Kumar Jain, assistant professor of civil engineering, M.B.M. engineering college, Jodhpur. |
| 250 | _aThirteenth edition. | ||
| 264 | 1 |
_aDaryaganj, New Delhi : _bLaxmi Publications (P) Ltd., _c1994. |
|
| 300 |
_a2 volumes : _billustrations (some color), plates ; _c24 cm |
||
| 336 |
_2rdacontent _atext _btxt |
||
| 337 |
_aunmediated _2rdamedia _bn |
||
| 338 |
_avolume _bnc _2rdacarrier |
||
| 500 | _aIncludes index. | ||
| 500 | _aIncludes Appendices. | ||
| 505 | _aVolume 1. a text-book on surveying and levelling for degree, diploma and A.M.I.E. students -- Volume 2. a text-book for degree, diploma and A.M.I.E. students. | ||
| 521 | _aA text-book on surveying and levelling for degree, diploma and A.M.I.E. students. | ||
| 650 | 7 |
_aSurveying. _2BUEsh |
|
| 655 | _vReading book | ||
| 700 | 1 |
_aJain, Arun Kumar, _eauthor. |
|
| 700 | 1 |
_aJain, Ashok Kumar, _eauthor. |
|
| 942 |
_cBB _2ddc |
||
| 999 |
_c1342 _d1342 |
||